Clubs ayant fait les pires saisons en Ligue 1 - Statistiques

Statistiques générales
  • Ce quiz a été pris 127 fois
  • Le résultat moyen est 17 sur 27
Statistiques - réponses
Nb de clubs engagés. Matchs Gagnés Matchs Nuls Défaites Saison Points Club Moyenne de points par matchs % Correct
18 5 7 22 1949/1950 22 FC Metz 0.64
90%
20 5 9 24 2007/2008 24 FC Metz 0.63
90%
18 4 4 26 2024/2025 16 Montpellier HSC 0.47
82%
20 4 6 28 2022/2023 18 Angers SCO 0.47
72%
20 4 13 21 1993/1994 25 Angers SCO 0.66
72%
20 3 8 27 1988/1989 17 RC Lens 0.45
71%
20 4 11 23 2013/2014 23 AC Ajaccio 0.60
68%
20 5 10 23 1985/1986 25 SC Bastia 0.66
68%
20 5 7 26 1986/1987 22 Stade Rennais 0.58
67%
20 4 9 25 2020/2021 21 Dijon FCO 0.55
66%
20 4 7 27 1979/1980 19 Stade Brestois 29 0.5
66%
18 4 8 22 1951/1952 20 RC Strasbourg 0.59
65%
20 3 11 24 1978/1979 20 Stade de Reims 0.53
65%
18 5 9 20 1955/1956 24 AS Troyes Saint-Savine 0.71
64%
20 3 9 26 2015/2016 18 ESTAC Troyes 0.47
64%
20 4 12 22 2022/2023 24 ESTAC Troyes 0.63
64%
20 5 5 28 1960/1961 20 Troyes Omnisport 0.53
64%
18 4 7 23 1945/1946 19 FC Sochaux Montbéliard 0.56
62%
20 6 5 27 1994/1995 23 FC Sochaux-Montbéliard 0.60
62%
20 5 8 25 1996/1997 23 OGC Nice 0.60
62%
20 5 8 25 2009/2010 23 Grenoble Foot 38 0.60
59%
20 3 16 19 1992/1993 25 Nîmes Olympique 0.66
59%
18 5 10 19 2023/2024 25 Clermont Foot 63 0.74
55%
20 3 11 24 2010/2011 20 AC Arles Avignon 0.53
46%
18 6 4 24 1947/1948 22 Red Star FC 0.64
41%
20 5 10 23 1965/1966 25 Red Star FC 0.66
41%
20 6 6 26 1977/1978 24 FC Rouen 0.63
34%
Aucun quiz correspondant
Distribution des résultats
% des personnes avec chaque résultat
Percentile par nombre de réponses
Votre historique - résultats
Vous n’avez pas pris ce quiz